Biblioteca

Introducción a la Teología / José M.ª Rovira Belloso (Registro nro. 43786)

Detalles MARC
000 -LÍDER
Campo fijo de descripción fija 009410000a22002170004500
020 ## - NÚMERO INTERNACIONAL NORMALIZADO PARA LIBROS
Número Internacional Normalizado del libro 84-7914-222-7,
Linkage 5.000
082 04 - NÚMERO DE CLASIFICACIÓN DECIMAL DEWEY
Número de clasificación G 230 R875i
001 - NÚMERO DE CONTROL
Campo de control 14970
100 1# - ASIENTO PRINCIPAL--NOMBRE PERSONAL
Nombre personal Rovira Belloso, Josep M. (1926)
245 10 - TÍTULO
Título del Material Introducción a la Teología / José M.ª Rovira Belloso
250 ## - MENCIÓN DE EDICIÓN
Mención de edición 2
260 ## - PUBLICACIÓN, DISTRIBUCIÓN, ETC. (PIE DE IMPRENTA)
Lugar de publicación, distribución, etc. Madrid : Biblioteca de Autores Cristianos
300 ## - DESCRIPCIÓN FÍSICA
Extensión 358 p.
336 ## - CONTENT TYPE
Content type term texto
Content type code txt
Source rdacontent
337 ## - MEDIA TYPE
Source rdamedia
Media type term sin mediación
Media type code n
338 ## - CARRIER TYPE
Source rdacarrier
Carrier type term volumen
Carrier type code nc
505 00 - NOTA DE CONTENIDO
Nota de contenido con formato preestablecido Revelación, fe y teología - Teología y teologías - Teología como ciencia - Las fuentes de la teología - Las mediaciones de la teología - La escritura, "alma" de la teología - La tradición - El magisterio - El lenguaje de la teología - Inculturación
650 14 - ASIENTO SECUNDARIO DE MATERIA - TERMINO TEMÁTICO
Término temático o nombre geográfico como elemento de entrada TEOLOGIA \ TEOLOGIA Y FILOSOFIA \ TEOLOGIA BIBLICA \ TEOLOGIA - HISTORIA
942 ## - TIPO DE MATERIAL (KOHA)
Tipo de Item KOHA Libros General
Existencias
Estado de Material Estado de Perdido Estado de Dañado No para Préstamo Colección Tomo Biblioteca de Origen Biblioteca Permanente Fecha de Adquisición Total de Préstamos Signatura Topográfica Código de Barras Última vez visto Última vez Préstado Ejemplar/Existencia Fecha de Remplazo Tipo de Material
        Colección General   Biblioteca FUSBC Biblioteca FUSBC 21/07/2009 1 G 230 R875i 17058 09/05/2023 24/04/2023 1 26/01/2016 Libros General

Biblioteca FUSBC | Teléfono: (57+4) 349 88 10 Ext. 141| WhatsApp (+57) 3005338115 
E-mail: biblioteca@unisbc.edu.co | Calle 76 87-14 Robledo Palenque, Medellín, Colombia

Con tecnología Koha